|
|
|
|
| LEADER |
00000nam a2200000 a 4500 |
| 001 |
UCR8650 |
| 003 |
CL-VaPUC |
| 008 |
980529e19680000MX |||||||||||||||||spa|d |
| 082 |
0 |
4 |
|a 658.15
|b MIL
|2 21
|
| 100 |
|
|
|a Miller, Donald E.
|e autor
|9 410653
|
| 245 |
1 |
3 |
|a La interpretación correcta de estados financieros
|
| 300 |
|
|
|a 258 p
|
| 942 |
|
|
|c BK
|
| 945 |
|
|
|d 19980529 00:00:00
|a crobeson
|
| 260 |
|
|
|a Ciudad de México
|b Técnica
|c 1968
|
| 650 |
|
7 |
|a ESTADOS FINANCIEROS
|2 CL-VaPUC
|9 410654
|
| 650 |
|
0 |
|a Administración financiera
|9 261146
|
| 583 |
|
|
|a last modification
|c 19980529 00:00:00
|k Rodrigo Vera
|
| 999 |
|
|
|c 270046
|d 270044
|
| 952 |
|
|
|0 0
|1 0
|4 0
|6 658_150000000000000_MIL_1968
|7 0
|8 A
|9 304160
|a BIBGIM
|b BIBGIM
|d 2019-11-20
|i 1403885
|o 658.15 MIL 1968
|p 1403885
|r 2025-01-15
|w 2019-11-20
|y BK
|k COM
|